| 000 | 00543nam a2200229 a 4500 | ||
|---|---|---|---|
| 999 |
_c6012 _d6012 |
||
| 001 | 6012 | ||
| 003 | BD-JhCC | ||
| 005 | 20180122172511.0 | ||
| 008 | 171231s2004enk xxu |||| ||a| 000 0 eng d | ||
| 020 | _a0746051948 | ||
| 035 | _a(BD-JhCC) 6012 | ||
| 040 |
_aBD-JhCC _dBD-JhCC |
||
| 041 | _aeng | ||
| 082 |
_a613.69 _bHAR 2004 |
||
| 100 | _aHarvey, Gill | ||
| 245 |
_aTrue desert adventures / _cGill Harvey |
||
| 260 |
_aLondon : _c2004 |
||
| 300 |
_a144 p .: _c17 cm . |
||
| 650 | _aDesert survival | ||
| 942 |
_2ddc _cBK |
||